Guide to the Holy Land /

محفوظ في:

المؤلف الرئيسي: Hoade, Eugene (مؤلف)

التنسيق: كتاب

اللغة: English

منشور في: Jerusalem : Franciscan Press, 1946.

الموضوعات:

الوسوم: إضافة وسم

لا توجد وسوم, كن أول من يضع وسما على هذه التسجيلة!

رقم الطلب: DS103 .H57 1946

LEADER 00633namaa2200217 4500
001 20988
003 OSt
005 20260223080145.0
008 130303s1946 gz ab 000 0 eng d
040 |c ARCE Library 
043 |a a-is---  |a awba---  |a awgz--- 
050 4 |a DS103 .H57 1946 
100 1 |a Hoade, Eugene,  |e author  |9 32121 
245 1 0 |a Guide to the Holy Land /  |c Eugene Hoade. 
264 1 |a Jerusalem :  |b Franciscan Press,  |c 1946. 
300 |a 543 pages :   |b illustrations, maps (part fold.) ;   |c 17 cm. 
651 0 |v Guidebooks. 
651 0 |a Palestine   |v description and travel. 
901 |a reviewed 
942 |c BK  |2 lcc 
999 |c 18327  |d 18327